El análisis institucional / (Registro nro. 1563)
[ vista simple ]
| 000 -CABECERA | |
|---|---|
| campo de control de longitud fija | 00940nam a2200265Ia 4500 |
| 003 - IDENTIFICADOR DEL NÚMERO DE CONTROL | |
| campo de control | AR-RoIUNI |
| 005 - FECHA Y HORA DE LA ÚLTIMA TRANSACCIÓN | |
| campo de control | 20210316133355.0 |
| 007 - CAMPO FIJO DE DESCRIPCIÓN FÍSICA--INFORMACIÓN GENERAL | |
| campo de control de longitud fija | ta |
| 008 - DATOS DE LONGITUD FIJA--INFORMACIÓN GENERAL | |
| campo de control de longitud fija | 150616s2007 ag r 000 0 spa d |
| 020 ## - NÚMERO INTERNACIONAL ESTÁNDAR DEL LIBRO | |
| Número Internacional Estándar del Libro | 9789505180523 |
| 040 ## - FUENTE DE LA CATALOGACIÓN | |
| Centro/agencia transcriptor | AR-RoIUNI |
| 080 ## - NÚMERO DE LA CLASIFICACIÓN DECIMAL UNIVERSAL | |
| Número de la Clasificación Decimal Universal | 316 |
| 100 1# - ENTRADA PRINCIPAL--NOMBRE DE PERSONA | |
| Nombre de persona | Lourau, René. |
| 245 13 - MENCIÓN DE TÍTULO | |
| Título | El análisis institucional / |
| Mención de responsabilidad, etc. | René Lourau. |
| 250 ## - MENCIÓN DE EDICIÓN | |
| Mención de edición | 1a. ed., 5a reimpr. |
| 260 ## - PUBLICACIÓN, DISTRIBUCIÓN, ETC. (PIE DE IMPRENTA) | |
| Lugar de publicación, distribución, etc. | Buenos Aires : |
| Nombre del editor, distribuidor, etc. | Amorrortu, |
| Fecha de publicación, distribución, etc. | 2007. |
| 300 ## - DESCRIPCIÓN FÍSICA | |
| Extensión | 304 p. ; |
| Dimensiones | 20 cm. |
| 490 0# - MENCIÓN DE SERIE | |
| Mención de serie | Sociología |
| 505 1# - NOTA DE CONTENIDO CON FORMATO | |
| Nota de contenido con formato | 1. La institución en la filosofía del derecho -- 2. Marxismo e instituciones -- 3. El concepto de institución en psicología -- 4. La intervención psicoanalítica -- 5. La intervención psicosociológica -- 6. La intervención pedagógica -- 7. Hacia la intervención socioanalítica. |
| 650 #4 - PUNTO DE ACCESO ADICIONAL DE MATERIA--TÉRMINO DE MATERIA | |
| Término de materia o nombre geográfico como elemento inicial | PSICOLOGÍA |
| 9 (RLIN) | 108 |
| 650 #4 - PUNTO DE ACCESO ADICIONAL DE MATERIA--TÉRMINO DE MATERIA | |
| Término de materia o nombre geográfico como elemento inicial | SOCIOLOGÍA |
| 9 (RLIN) | 560 |
| 650 #4 - PUNTO DE ACCESO ADICIONAL DE MATERIA--TÉRMINO DE MATERIA | |
| Término de materia o nombre geográfico como elemento inicial | PSICOANÁLISIS |
| 650 #4 - PUNTO DE ACCESO ADICIONAL DE MATERIA--TÉRMINO DE MATERIA | |
| Término de materia o nombre geográfico como elemento inicial | PEDAGOGÍA |
| 9 (RLIN) | 475 |
| 942 ## - ELEMENTOS DE PUNTO DE ACCESO ADICIONAL (KOHA) | |
| Tipo de ítem Koha | Libros |
| Fuente del sistema de clasificación o colocación | Clasificación Decimal Universal |
| Estado de retiro | Estado de pérdida | Fuente del sistema de clasificación o colocación | Estado dañado | Excepción de préstamo | Código de colección | Localización permanente | Ubicación/localización actual | Ubicación en estantería | Fecha de adquisición | Número de inventario | Total de préstamos | Signatura topográfica completa | Código de barras | En préstamo | Fecha visto por última vez | Fecha del último préstamo | Número de copia | Precio válido a partir de | Tipo de ítem Koha | Fuente de adquisición |
|---|---|---|---|---|---|---|---|---|---|---|---|---|---|---|---|---|---|---|---|---|
| Clasificación Decimal Universal | Psicología | BIBLIOTECA RIOBAMBA | BIBLIOTECA RIOBAMBA | BIBLIOTECA RIOBAMBA | 16/06/2015 | 1564 | 1 | 316 LOU | 1564 | 15/06/2025 | 12/06/2025 | 12/06/2025 | 1 | 16/06/2015 | Libros | |||||
| Clasificación Decimal Universal | BIBLIOTECA VENADO TUERTO | BIBLIOTECA VENADO TUERTO | BIBLIOTECA VENADO TUERTO | 30/08/2021 | 6969 | 316 LOU | 6969 | 30/08/2021 | 30/08/2021 | Libros | Compra |

